War Thunder German Ground Vehicles Quiz - Statistics

General Stats
  • This quiz has been taken 430 times
  • The average score is 31 of 85
Answer Stats
Hint Answer % Correct
Tier 3 Tiger E
70%
Tier 3 Tiger H1
69%
Tier 5 Leopard I
68%
Tier 3 Panther D
66%
Tier 4 Panther A
64%
Tier 4 Panther F
61%
Tier 4 Tiger II(H)
61%
Tier 4 Tiger II(P)
59%
Tier 4 Panther G
58%
Tier 1 Pz.II C
57%
Tier 3 Pz.IV H
56%
Tier 6 Leopard 2A4
55%
Tier 1 Pz.III E
52%
Tier 7 Leopard 2A6
51%
Tier 3 Ostwind
51%
Tier 5 Jagdtiger
50%
Tier 7 Leopard 2A5
50%
Tier 2 Pz.IV G
50%
Tier 1 Pz.III J
49%
Tier 2 Marder III
48%
Tier 1 Pz.III B
48%
Tier 1 Pz.III F
48%
Tier 4 Jagdpanther
47%
Tier 2 Dicker Max
46%
Tier 3 Pz.IV J
46%
Tier 1 Pz.IV C
45%
Tier 2 Pz.III M
44%
Tier 1 Pz.II F
43%
Tier 3 Nashorn
42%
Tier 1 Pz.35(t)
42%
Tier 1 Pz.IV E
42%
Tier 4 Ostwind II
41%
Tier 2 Sd.Kfz.234/2
41%
Tier 3 Wirbelwind
41%
Tier 4 Ferdinand
40%
Tier 2 Pz.IV F2
40%
Tier 1 Flakpanzer I
39%
Tier 3 Jagdpanzer IV
39%
Tier 6 Gepard
38%
Tier 2 Pz.III L
38%
Tier 2 StuG III G
38%
Tier 3 Sturer Emil
38%
Tier 2 StuG III F
35%
Tier 1 StuG III A
34%
Tier 2 Pz.IV F1
33%
Tier 3 Jagdpanzer 38(t)
32%
Tier 5 Kugelblitz
32%
Tier 6 Leopard 1A5
31%
Tier 6 Leopard A1A1
31%
Tier 2 Marder III H
31%
Tier 6 Leopard 2K
29%
Tier 5 Marder A1-
28%
Tier 4 Waffentrager
28%
Tier 1 Flakpanzer 38
27%
Tier 1 Panzerjager I
27%
Tier 2 Pz.III J1
27%
Tier 6 TAM
26%
Tier 5 Wiesel 1A4
26%
Tier 2 Sd.Kfz.6/2
25%
Tier 6 Wiesel 1A2
25%
Tier 7 FlaRakRad
24%
Tier 4 leKPz M41
24%
Tier 5 Marder 1A3
24%
Tier 1 Pz.38(t) A
24%
Tier 6 Ozelot
23%
Tier 2 StuH 42 G
23%
Tier 1 Pz.38(t) F
22%
Tier 1 Sd.Kfz.221
21%
Tier 7 TAM 2C
20%
Tier 4 JPz 4-5
19%
Tier 6 Radkampfwagen 9
19%
Tier 6 Begleitpanzer 57
18%
Tier 5 M48A2 C
18%
Tier 6 M48 Super
18%
Tier 2 Sd.Kfz.251/21
18%
Tier 6 KPz-70
17%
Tier 5 SPz BMP-1
16%
Tier 5 RakJPz 2
15%
Tier 3 8,8 cm Flak 37 Sfl
14%
Tier 6 M48A2 G A2
14%
Tier 3 Panzer IV 70(V)
14%
Tier 7 FlaRakPz 1
13%
Tier 6 RakJPz 2 (HOT)
13%
Tier 1 15cm sIG 33 B Sfl
11%
Tier 6 JaPz.K A2
11%
No matching quizzes found
Score Distribution
Percent of People with Each Score
Percentile by Number Answered
Your Score History
You have not taken this quiz